Porque no es inútil una nueva crítica de la razón pura: respuesta a Eberhard

I tiakina i:
Ngā taipitopito rārangi puna kōrero
Hōputu: Pukapuka
Reo:Pāniora
I whakaputaina: Buenos Aires Aguilar 1975
Putanga:6a. ed
Rangatū:Biblioteca de Iniciación Filosófica, 39
Ngā marau:
Ngā Tūtohu: Tāpirihia he Tūtohu
Kāore He Tūtohu, Me noho koe te mea tuatahi ki te tūtohu i tēnei pūkete!

MARC

LEADER 00000nam a2200000 a 4500
001 UCZ2111
003 CL-VaPUC
005 20210924074310.0
008 950926e19750000AG |||||||||||||||||spa|d
999 |c 238760  |d 238758 
040 |c Pontificia Universidad Católica de Valparaíso 
082 0 4 |a 142.3  |b KAN  |2 21 
245 1 0 |a Porque no es inútil una nueva crítica de la razón pura: respuesta a Eberhard 
250 |a 6a. ed 
260 |a Buenos Aires  |b Aguilar  |c 1975 
300 |a 113 p 
490 0 |a Biblioteca de Iniciación Filosófica, 39 
583 |a last modification  |c 19950926 00:00:00  |k Rodrigo Vera 
650 0 |a Filosofía alemana   |9 265002 
650 0 |a Teoría del conocimiento   |9 255038 
650 0 |a Metafísica  |9 265649 
650 0 |a Razón   |9 314475 
650 0 |a Kantismo  |9 311003 
650 0 |a Escuelas filosóficas   |9 266232 
852 |a BIBCUR 
942 |c BK  |2 ddc 
945 |d 19950926 00:00:00  |a cmena 
952 |0 0  |1 0  |4 0  |6 142_300000000000000_KAN_1975  |7 0  |8 A  |9 249211  |a BIBEDU  |b BIBEDU  |d 2019-11-18  |i 1564242  |o 142.3 KAN 1975  |p 1564242  |r 2019-11-18  |w 2019-11-18  |y BK  |k FIL